Philosophers A-Z - Statistics

General Stats
  • This quiz has been taken 187 times
  • The average score is 10 of 26
Answer Stats
Hint Answer % Correct
superman? N Nietzsche
74%
was a real pissant K Kant
66%
never put him before the horse D Descartes
56%
nefarious Nazi H Heidegger
56%
It is better to be feared than loved if you cannot be both M Machiavelli
54%
"Common sense is not so common" V Voltaire
50%
Indian meditative exercise Y Yoga
50%
Achilles and the Tortoise Z Zeno
50%
has a European exchange programme named after him E Erasmus
49%
wrote his major work while fighting in the trenches during WWI W Wittgenstein
48%
known for his razor O Ockham
46%
liked to wager P Pascal
45%
The banality of evil A Arendt
42%
"A History of Madness" F Foucault
37%
He 'say' C Confucius
36%
Logician Q Quine
33%
6th century 'consoler' B Boethius
28%
political activist, pacifist G Gandhi
27%
Pragmatist J James
25%
I don't care that he's not a Christian R Russell
23%
Advised his readers to swallow a toad every morning S Schopenhauer
17%
the face of the other L Levinas
15%
Spanish philosopher, novelist and poet U Unamuno
13%
(arguably) the first philosopher of religion X Xenophanes
9%
"Sex and Genealogies" I Irigaray
7%
might makes right T Thrasymachus
1%
No matching quizzes found
Score Distribution
Percent of People with Each Score
Percentile by Number Answered
Your Score History
You have not taken this quiz